Sổ tay thành lập hợp tác xã

Quyển sách tập trung đề cập đến thực tế hoạt động của lĩnh vực hợp tác xã tại Việt Nam. Các nội dung chính liên quan đến luật hợp tác xã năm 2003, các nghị định áp dụng và chính sách hỗ trợ hợp tác xã được mô tả và hướng dẫn dựa...

Popoln opis

Shranjeno v:
Bibliografske podrobnosti
Korporativna značnica: Dự án Hỗ trợ thể chế phát triển Hợp tác xã tại miền Bắc Việt Nam
Format: Knjiga
Jezik:Undetermined
Izdano: Hà Nội Giao thông vận tải 2009
Teme:
Oznake: Označite
Brez oznak, prvi označite!
Thư viện lưu trữ: Trung tâm Học liệu Trường Đại học Cần Thơ
LEADER 01334nam a2200193Ia 4500
001 CTU_157283
008 210402s9999 xx 000 0 und d
082 |a 334.0919 
082 |b D550 
110 |a Dự án Hỗ trợ thể chế phát triển Hợp tác xã tại miền Bắc Việt Nam 
245 0 |a Sổ tay thành lập hợp tác xã 
245 0 |c Dự án Hỗ trợ thể chế phát triển Hợp tác xã tại miền Bắc Việt Nam 
260 |a Hà Nội 
260 |b Giao thông vận tải 
260 |c 2009 
520 |a Quyển sách tập trung đề cập đến thực tế hoạt động của lĩnh vực hợp tác xã tại Việt Nam. Các nội dung chính liên quan đến luật hợp tác xã năm 2003, các nghị định áp dụng và chính sách hỗ trợ hợp tác xã được mô tả và hướng dẫn dựa trên thực tiễn về lĩnh vực hợp tác xã với sự kết hợp với các mô hình tham khảo trên thế giới đã được kiểm chứng và chấp nhận. 
650 |a Cooperatives,Hợp tác xã 
904 |i lthieu 
980 |a Trung tâm Học liệu Trường Đại học Cần Thơ